| 000 | 01983nam a22002057a 4500 | ||
|---|---|---|---|
| 003 | DO-SdBNP | ||
| 005 | 20220126104557.0 | ||
| 008 | 220126b1991 ||||| |||| 00| 0 spa d | ||
| 040 |
_aDO-SdBNP _bspa _cBNPHU |
||
| 082 |
_aF- _bR426c |
||
| 245 |
_aRepública Dominicana : _bcenso experimental de Villa Altagracia 1990 (informe general y tabulaciones básicas) ; versión preliminar / _cManuel Rincón, Bienvenida Rodríguez |
||
| 260 |
_aSanto Domingo : _bConsejo Nacional de Población y Familia. _c1991 |
||
| 300 |
_a53 p. : _bil. ; _c28 cm |
||
| 505 | _aINFORME METODOLOGICO DEL CENSO EXPERIMENTAL 3|Antecedentes y objetivos del Censo experimental 3|Los objetivos 4|El área de estudio cubierta por el Censo Experimental 6|El contenido de la boleta 6|Actividades preparatorias del censo 10|El trabajo de campo 12|La revisión del material en la oficina 12|La vuelta al terreno para confirmar información que presentaba signos de irregularidad 14|Los problemas de omision y mala declaración de la fecha de nacimiento del último hijo 14|Consideraciones sobre la investigación de la sobrevivencia de hermanas 15|Las preguntas de control sobre posible omisión de nacimientos ocurridos después del último nacido vivo declarado 16|La omisión y la mala declaración de fecha de defunción 16|Omision de menores de un año 17|Los resultados en la investigación de la fecundidad 17|La declaracion de abortos como fallecidos 17|De los menores registrados en el hogar sin una madre asignable 18|De la experiencia en la identificación del informante 18|El procesamiento de los datos 19|Los principales resultados en relación a los objetivos 19|RESULTADOS GENERALES Y TABULACIONES BASICAS 21|La vivienda y sus condiciones 21|Características generales de la población urbana en Villa Altagracia 21 | ||
| 650 |
_aRepública Dominicana _xCensos _981016 |
||
| 650 |
_aRepública Dominicana _xPoblación _938792 |
||
| 700 |
_aRincón, Manuel _981017 |
||
| 910 | _aDG | ||
| 942 |
_2ddc _cLBS1 |
||
| 999 |
_c51228 _d51228 |
||